Statistics for Biggest Cities in Ukraine

Click here to take the quiz!

General Stats

  • This quiz has been taken 5,513 times
    (4,136 since last reset)
  • The average score is 10 of 20

Answer Stats

PopulationCity% Correct
3,375,000Kyiv
100%
1,439,036Kharkiv
94%
1,016,515Odessa
92%
728,350Lviv
90%
929,063Donetsk
86%
425,848Luhansk
75%
1,000,506Dnipro
71%
449,498Mariupol
71%
283,649Kherson
58%
757,650Zaporizhia
47%
494,763Mykolaiv
39%
264,981Sumy
37%
285,234Chernihiv
34%
629,695Kryvyi Rih
34%
286,649Poltava
32%
372,484Vinnytsia
22%
272,651Cherkasy
21%
265,471Chernivtsi
17%
273,713Khmelnytskyi
11%
347,376Makiivka
9%

Score Distribution

Percentile by Number Answered

Percent of People with Each Score

Your Score History

You have not taken this quiz since the last reset